000 00664nam a2200265Ia 4500
008 180313s9999 xx 000 0 und d
020 _a9780545848855
050 _bER W285 2015
100 _aWarnes, Tim
245 4 _aThe great cheese robbery /
245 _cby Tim Warnes.
260 _aNew York, New York :
260 _bScholastic Inc.,
260 _c2015
300 _aunpaged :
300 _bcolored illustrations ;
300 _c25cm.
650 _aElephants --
650 _aFathers and sons --
650 _aMice --
650 _xJuvenile fiction.
650 _xJuvenile fiction.
650 _xJuvenile fiction.
700 _aTitle.
999 _c356273
_d356273